Mel vs. Mel Quiz Stats

Quiz Updated Sep 3, 2016

Also try: Mel Brooks Movies
Challenge
Share
Tweet
Embed
Score 0/20 Timer 03:00
5 Plays Today
Award/Movie (B) or (G) % Correct
Young Frankenstein???
90.9%
Spaceballs???
90.5%
Blazing Saddles???
90.2%
Braveheart???
90%
The Patriot???
89.8%
The Passion of the Christ???
89.3%
The Producers???
89%
Lethal Weapon???
88.9%
Mad Max???
88.5%
★ People's Sexiest Man Alive ★???
88.2%
Award/Movie (B) or (G) % Correct
History of the World, Part I???
88.1%
★ AFI Life Achievement ★???
84.1%
★ Kennedy Center Honoree ★???
80.2%
Pocahontas???
78.4%
Hamlet???
77.2%
★ EGOT Recipient ★???
75.2%
★ Hugo Award ★???
69.5%
★ Oscar - Best Director ★???
68.8%
Gallipoli???
68.2%
★ Oscar - Best Original Screenplay ★???
56.9%

You're not logged in!

Compare scores with friends on all Sporcle quizzes.
Join for Free
OR
Log In

You Might Also Like...

Show Comments

Extras

Top Quizzes Today


Score Distribution

Your Account Isn't Verified!

In order to create a playlist on Sporcle, you need to verify the email address you used during registration. Go to your Sporcle Settings to finish the process.

Report this User

Report this user for behavior that violates our Community Guidelines.

Details: